Некоторые задачи оценивания и классификации состояний стохастических динамических систем: диссертация на соискание ученой степени кандидата технических наук; Спец.05.13.01

Detalhes bibliográficos
Autor principal: Демин Н. С.
Autor Corporativo: Томский государственный университет
Outros Autores: Параев Ю. И. (научный руководитель)
Idioma:russo
Publicado em: Томск, [Б. и.], 1978
Assuntos:
Formato: Livro
KOHA link:https://koha.lib.tpu.ru/cgi-bin/koha/opac-detail.pl?biblionumber=81741

MARC

LEADER 00000nbm0a2200000 4500
001 81741
005 20250225063227.0
035 |a (RuTPU)RU\TPU\book\87851 
090 |a 81741 
100 |a 20050922d1978 k y0rusy50 ca 
101 0 |a rus 
102 |a RU 
105 |a a m 001zy 
200 1 |a Некоторые задачи оценивания и классификации состояний стохастических динамических систем  |e диссертация на соискание ученой степени кандидата технических наук  |e Спец.05.13.01  |f Н. С. Демин  |g Томский государственный университет; науч. рук. Ю. И. Параев 
210 |a Томск  |c [Б. и.]  |d 1978 
215 |a 232 л.  |c ил. 
320 |a Библиогр.: с. 177-182 (68 назв.) 
610 1 |a диссертации 
610 1 |a задачи оценивания 
610 1 |a классификация состояний 
610 1 |a стохастические системы 
610 1 |a динамические системы 
610 1 |a интерполяция 
610 1 |a векторы 
610 1 |a математические модели 
610 1 |a аппроксимация 
610 1 |a параметры 
610 1 |a интегральные уравнения 
610 1 |a управление 
610 1 |a нелинейные системы 
675 |a 62-50:51(04)  |v 3 
686 |a 05.13.01  |2 oksvnk 
700 1 |a Демин  |b Н. С. 
702 1 |a Параев  |b Ю. И.  |4 727 
712 0 2 |a Томский государственный университет  |c 1917-2009  |7 ca  |8 rus  |2 stltpush  |3 (RuTPU)RU\TPU\col\397  |9 23396 
801 1 |a RU  |b 63413507  |c 20050922  |g PSBO 
801 2 |a RU  |b 63413507  |c 20140411  |g RCR 
942 |c BK